Reflective Cracking in pavements state of the art and design recommendations (Record no. 550657)
[ view plain ]
| 000 -LEADER | |
|---|---|
| fixed length control field | 00543nam a22001457a 4500 |
| 082 ## - DEWEY DECIMAL CLASSIFICATION NUMBER | |
| Classification number | 625.76 |
| Author Mark | REF |
| -- | L-NUST, P-05 |
| 100 ## - MAIN ENTRY--PERSONAL NAME | |
| Personal name | Degeimber R. (Edr) |
| 9 (RLIN) | 47394 |
| 245 ## - TITLE STATEMENT | |
| Title | Reflective Cracking in pavements state of the art and design recommendations |
| Statement of responsibility, etc. | R. (Edr) Degeimber |
| 250 ## - EDITION STATEMENT | |
| Edition statement | 1st ed. |
| 260 ## - PUBLICATION, DISTRIBUTION, ETC. | |
| Place of publication, distribution, etc. | Great Britain |
| Name of publisher, distributor, etc. | E & FN Spons, an imprint of chapman & hall, 2-6 boundary row , london SEI 8HN |
| Date of publication, distribution, etc. | 1993 |
| 300 ## - PHYSICAL DESCRIPTION | |
| Extent | xvi,492p.: |
| Other physical details | ill.; |
| Dimensions | 24 cm. |
| 526 ## - STUDY PROGRAM INFORMATION NOTE | |
| Program name | 0 |
| Interest level | 0 |
| Reading level | 0 |
| Title point value | 625_760000000000000_REF |
| 650 ## - SUBJECT ADDED ENTRY--TOPICAL TERM | |
| Topical term or geographic name entry element | NUST / MCE |
| 9 (RLIN) | 26909 |
| 942 ## - ADDED ENTRY ELEMENTS (KOHA) | |
| Source of classification or shelving scheme | |
| Koha item type | Book |
| Withdrawn status | Lost status | Source of classification or shelving scheme | Damaged status | Not for loan | Permanent Location | Current Location | Date acquired | Total Checkouts | Full call number | Barcode | Date last seen | Price effective from | Koha item type |
|---|---|---|---|---|---|---|---|---|---|---|---|---|---|
| Military College of Engineering (MCE) | Military College of Engineering (MCE) | 11/18/2014 | 625.76 REF | MCE-43842 | 11/18/2014 | 11/18/2014 | Book |
